000 00672nam a22002291 4500
001 17789
003 BD-RjUL
005 20211209000207.0
008 140219s1967 nyua 001 0 eng d
035 _a(BD-RjUL)17847
040 _aDLC
_cDLC
_dDLC
_dBD-RjUL
_beng
041 _aeng
082 0 0 _a796.3232
_bHAC 1967
100 1 _aHarrell, Bill D.
_954886
245 1 0 _aChampionship-tested offensive and defensive basketball strategy /
_c Bill D. Harrell.
260 _aWest Nyack, N.Y. :
_bParker Pub. Co. ,
_c c1967
300 _axii, 210 p. :
_billus. ;
_c23 cm.
650 0 _aBasketball.
_954887
942 _2ddc
_cBK
999 _c17789
_d17789